Coupe du monde 2026 - Équipes - Statistiques

Statistiques générales
  • Ce quiz a été pris 69 fois
    49 depuis la dernière actualisation
  • Le résultat moyen est 4 sur 7
Statistiques - réponses
Date de qualification Confédération Précédents participants au tournoi Équipe % Correct
14 février 2023 CONCACAF 11 (1930, 1934, 1950, 1990, 1994, 1998, 2002, 2006, 2010, 2014, 2022) États-Unis
83%
14 février 2023 CONCACAF 2 (1986, 2022) Canada
80%
25 mars 2025 CONMEBOL 18 (1930, 1934, 1958, 1962, 1966, 1974, 1978, 1982, 1986, 1990, 1994, 1998, 2002, 2006, 2010, 2014, 2018, 2022) Argentine
68%
20 mars 2025 AFC 7 (1998, 2002, 2006, 2010, 2014, 2018,2022) Japon
59%
24 mars 2025 OFC 2 (1982, 2010) Nouvelle-Zélande
49%
25 mars 2025 AFC 6 (1978, 1998, 2006, 2014, 2018, 2022) Iran
29%
14 février 2023 CONCACAF 17 (1930, 1950, 1954, 1958, 1962, 1966, 1970, 1978, 1986, 1994, 1998, 2002, 2006, 2010, 2014, 2018, 2022) Mexico
29%
Aucun quiz correspondant
Distribution des résultats
% des personnes avec chaque résultat
Percentile par nombre de réponses
Votre historique - résultats
Vous n’avez pas pris ce quiz depuis la dernière actualisation